| 000 -LEADER |
| fixed length control field |
00818nam a22001577a 4500 |
| 003 - CONTROL NUMBER IDENTIFIER |
| control field |
OSt |
| 005 - DATE AND TIME OF LATEST TRANSACTION |
| control field |
20151130095612.0 |
| 008 - FIXED-LENGTH DATA ELEMENTS--GENERAL INFORMATION |
| fixed length control field |
151130b xxu||||| |||| 00| 0 eng d |
| 040 ## - CATALOGING SOURCE |
| Transcribing agency |
RUA |
| 082 ## - DEWEY DECIMAL CLASSIFICATION NUMBER |
| Classification number |
FIS KIM 1997 B168 Or.1 |
| 100 ## - MAIN ENTRY--PERSONAL NAME |
| 9 (RLIN) |
4001 |
| Personal name |
KIM, SOKHA. |
| 245 ## - TITLE STATEMENT |
| Title |
case study of cage aquaculture in kompong chhnang with particularattention to marketing stocking and early rearing of pangasius and snake head ( ការសិក្សាស្តីពីការចិញ្ចឹម ត្រីប្រានិង ត្រីឆ្តោតាមបែរនៅខេត្តកំពង់ឆ្នាំង ការដាក់ចិញ្ចឹមអោយទាន់រដូវ និង ទីផ្សារ) |
| 260 ## - PUBLICATION, DISTRIBUTION, ETC. (IMPRINT) |
| Place of publication, distribution, etc. |
Phnom Penh |
| Name of publisher, distributor, etc. |
RUA |
| Date of publication, distribution, etc. |
1997 |
| 300 ## - PHYSICAL DESCRIPTION |
| Extent |
91p. |
| Other physical details |
ill. |
| Dimensions |
29cm. |
| 942 ## - ADDED ENTRY ELEMENTS (KOHA) |
| Source of classification or shelving scheme |
|
| Koha item type |
FIS |